00345nam a2200133Ia 4500008004100000041000800041082001900049100001400068245006800082260002300150300000800173365001600181700001400197230718s9999 xx 000 0 und d aeng a343.739'2bLES aLessig L. aFree CulturebNature & Future Of Creativity Winner Stands Alone c2004bPenguin Book a345 cRs.b537.00 aLessig L.